Prepositions and Conjuctions / (Record no. 154177)

MARC details
000 -LEADER
fixed length control field 00497nam a22001817a 4500
003 - CONTROL NUMBER IDENTIFIER
control field dpl
005 - DATE AND TIME OF LATEST TRANSACTION
control field 20180717143134.0
008 - FIXED-LENGTH DATA ELEMENTS--GENERAL INFORMATION
fixed length control field 180717b xxu||||| |||| 00| 0 eng d
020 ## - INTERNATIONAL STANDARD BOOK NUMBER
International Standard Book Number 8172732759
Terms of availability 0.00
035 ## - SYSTEM CONTROL NUMBER
System control number B-222391
040 ## - CATALOGING SOURCE
Original cataloging agency DPL
Language of cataloging EN
Transcribing agency 0
082 ## - DEWEY DECIMAL CLASSIFICATION NUMBER
Classification number 485
100 ## - MAIN ENTRY--PERSONAL NAME
Personal name Gopalakrishnan,P N
245 ## - TITLE STATEMENT
Title Prepositions and Conjuctions /
Statement of responsibility, etc by P N Gopalakrishnan
260 ## - PUBLICATION, DISTRIBUTION, ETC. (IMPRINT)
Place of publication, distribution, etc New Delhi
Name of publisher, distributor, etc Authorspress
Date of publication, distribution, etc 2006
300 ## - PHYSICAL DESCRIPTION
Extent v, 201p;
Dimensions 20cm
942 ## - ADDED ENTRY ELEMENTS (KOHA)
Source of classification or shelving scheme Dewey Decimal Classification
Koha item type English Books
Classification part 485
Call number suffix GOP
Holdings
Withdrawn status Lost status Source of classification or shelving scheme Damaged status Not for loan Collection code Home library Current library Date acquired Source of acquisition Cost, normal purchase price Total Checkouts Full call number Barcode Date last seen Cost, replacement price Price effective from Koha item type Total Renewals Date checked out Copy number
    Dewey Decimal Classification   Ordered Non-fiction Central Library Central Library 21/05/2019 DBAD/PUB 0.00   485 GOP B-222387 21/05/2019 0.00 21/05/2019 English Books     1
    Dewey Decimal Classification     Non-fiction Patel Nagar Patel Nagar 17/07/2018 BPPD/PUB 0.00   485 GOP B-222391 17/07/2018 0.00 17/07/2018 English Books      
    Dewey Decimal Classification     Non-fiction Sarojini Nagar Sarojini Nagar 12/02/2019     2 485 GOP B-222395 01/10/2022   12/02/2019 English Books 1 20/09/2022  

© Delhi Public Library
Hit Counter
free hit counter